000 01022nam a22003257a 4500
003 CHAP
005 20220329134035.0
008 971013s1941 r 00010 d
010 _a14526
011 _a15498
035 _a19574
040 _cCHAP
082 _a581.98
_bG66
100 0 0 _aGoodspeed, Thomas Harper.
_949590
245 _aPlant hunters in the Andes
260 _aNew York :
_bFarrar and Rinehart,
_c1941
300 _a429 p.
_b: ilus
590 _aBATCH-UPD
_b10
_c20130110
_lUCH01
_h0034
590 _aBATCH-UPD
_b10
_c20130110
_lUCH01
_h2020
590 _aBATCH-UPD
_b10
_c20130409
_lUCH01
_h2017
590 _aBATCH-UPD
_b10
_c20130410
_lUCH01
_h1338
590 _aBATCH-UPD
_b10
_c20130914
_lUCH01
_h0327
590 _aCONVERSION
_b10
_c20130109
_lUCH01
_h1309
650 1 4 _aAmerica del Sur
_xGeografia.
_95382
650 1 4 _aAndes
_xGeografía.
_95624
650 1 4 _aBotánica
_xAmérica del Sur.
_914486
901 _aBK
942 _cLIBRO
949 _a581.98 G66
_bBC
_cBPA
_d-45715
_eBPA
_h9721
_i19574
_si
_t25.00
999 _c14526
_d14526